000 00402nam a2200169Ia 4500
001 14265
005 20260306164901.0
008 260306t9999||||xx |||||||||||||| ||spa||
041 _aESP
082 _a510.076
_bS11
100 _aSaavedra Alvarado, Teddy
_eAUT
245 0 _aMatemática básica
300 _a500 páginas :
_c20 cm.
650 _aGEN
654 _aCMA
942 _cLIB
_dJUS
_fJUS
_2ddc
_n
999 _c14265
_d14265